|
|
|
|
| LEADER |
00973nab a2200253 i 4500 |
| 001 |
misc61412 |
| 005 |
20240911151930.0 |
| 008 |
230907s1955 hu o 000 ger d |
| 040 |
|
|
|a SZTE Miscellanea Repozitórium
|b hun
|
| 041 |
|
|
|a ger
|
| 041 |
|
|
|a rus
|
| 100 |
1 |
|
|a Vértes Edit
|
| 245 |
1 |
0 |
|a Paul Menzerath
|h [elektronikus dokumentum] :
|b Die Architektonik des deutschen Wortschatzes. Bonn, Dümmlers, 1954 : Buchbesprechung /
|c Vértes Edit
|
| 260 |
|
|
|a MTA
|b Budapest
|c 1955
|
| 300 |
|
|
|a 415-433
|c 25 cm
|
| 300 |
|
|
|a [19] p., 1 t.
|c 25 cm
|
| 490 |
0 |
|
|a Acta Linguistica Academiae Scientiarum Hungaricae;Acta linguistica Hungarica : an international journal of linguistics
|
| 561 |
|
|
|a Németh Gyula hagyaték
|
| 591 |
|
|
|a NOV 6355
|
| 650 |
|
4 |
|a Bölcsészettudományok
|
| 650 |
|
4 |
|a Nyelvek és irodalom
|
| 695 |
|
|
|a Szókincs - német - könyvismertetés
|
| 700 |
0 |
1 |
|a Menzerath Paul
|
| 856 |
4 |
0 |
|u http://misc.bibl.u-szeged.hu/61412/1/6355_nov.pdf
|z Dokumentum-elérés
|